[Event "IND-ch U15 47th"]
[Site "New Delhi"]
[Date "2022.12.03"]
[Round "9"]
[White "Darshan Sasthaa, M."]
[Black "Ishant, Kumar"]
[Result "0-1"]
[WhiteElo "1509"]
[BlackElo "1730"]
[PlyCount "117"]
[EventDate "2022.11.28"]
[EventType "swiss"]
[EventRounds "11"]
[EventCountry "IND"]
[SourceTitle "CBM 211 Extra"]
[Source "ChessBase"]
[SourceDate "2023.01.31"]
[SourceVersion "1"]
[SourceVersionDate "2023.01.31"]
[SourceQuality "1"]

1. e4 e6 2. d4 d5 3. e5 c5 4. c3 Nc6 5. Nf3 Qb6 6. Qb3 cxd4 7. Qxb6 axb6 8. Nxd4 Nxe5 9. Nb5 Kd8 10. Bf4 f6 11. Bxe5 fxe5 12. Nd2 Bd7 13. Nf3 Bxb5 14. Bxb5 Bd6 15. 0-0 Ke7 16. Rfe1 e4 17. Nd4 Bc5 18. Nb3 Rf8 19. Re2 Nh6 20. h3 Rf6 21. Nd4 Bxd4 22. cxd4 Rc8 23. a4 Nf5 24. Rd2 Rff8 25. a5 Nd6 26. Be2 Ra8 27. b4 Rfc8 28. Rda2 b5 29. a6 bxa6 30. Rxa6 Rxa6 31. Rxa6 Rc2 32. Ra7+ Kf6 33. Bg4 Rc6 34. Kf1 h6 35. h4 g6 36. Bh3 Rc4 37. Ra6 Nf5 38. Bxf5 Kxf5 39. g4+ Kf6 40. Rb6 Rxb4 41. Rb7 Rxd4 42. Rxb5 e3 43. f3 Rd2 44. Ke1 d4 45. f4 Rh2 46. g5+ hxg5 47. hxg5+ Ke7 48. Rb7+ Kd6 49. Rb8 Kd5 50. f5 exf5 51. Re8 f4 52. Kf1 f3 53. Rd8+ Ke4 54. Re8+ Kd3 55. Kg1 Ra2 56. Rf8 Ra1+ 57. Kh2 f2 58. Kg2 Rg1+ 59. Kh2 0-1

[Event "IND-ch U15 47th"]
[Site "New Delhi"]
[Date "2022.12.01"]
[Round "5"]
[White "Vatsal, Singla"]
[Black "Ishant, Kumar"]
[Result "0-1"]
[WhiteElo "1504"]
[BlackElo "1730"]
[PlyCount "160"]
[EventDate "2022.11.28"]
[EventType "swiss"]
[EventRounds "11"]
[EventCountry "IND"]
[SourceTitle "CBM 211 Extra"]
[Source "ChessBase"]
[SourceDate "2023.01.31"]
[SourceVersion "1"]
[SourceVersionDate "2023.01.31"]
[SourceQuality "1"]

1. e4 e6 2. d4 d5 3. Nc3 Bb4 4. exd5 exd5 5. Bd3 c6 6. Qf3 Qf6 7. Qxf6 Nxf6 8. Nge2 b6 9. a3 Bd6 10. Ng3 Bxg3 11. hxg3 Ba6 12. Bf5 Nbd7 13. a4 0-0 14. b4 Bc4 15. Bg5 h6 16. Be3 Rfe8 17. Kd2 Nf8 18. f3 g6 19. Bd3 Bxd3 20. cxd3 h5 21. Rhc1 Ne6 22. Ne2 Rec8 23. a5 b5 24. Rc2 Rc7 25. Rac1 Rac8 26. Nf4 Nd8 27. Nh3 Nh7 28. Bf4 Rd7 29. Ng5 f6 30. Nxh7 Rxh7 31. Re1 Kf7 32. a6 Ne6 33. Ke3 Ke7 34. g4 hxg4 35. fxg4 Kd7 36. Bg3 Nc7 37. Bxc7 Re7+ 38. Be5 fxe5 39. Rf1 Rce8 40. Rf6 Re6 41. Rxe6 Rxe6 42. g3 e4 43. Rh2 Kc7 44. g5 Kb6 45. Rf2 exd3+ 46. Kxd3 Re4 47. Rf4 Re1 48. Rf6 Rg1 49. Rxg6 Rxg3+ 50. Kc2 Rg2+ 51. Kb3 Rd2 52. Kc3 Rg2 53. Kb3 Rg1 54. Kb2 Rd1 55. Kc3 Rc1+ 56. Kd3 Kxa6 57. Rg8 Rc4 58. Rc8 Rxb4 59. Rxc6+ Ka5 60. Kc3 Rb1 61. Rc5 Rg1 62. Rxd5 Rg3+ 63. Kc2 Rg4 64. Kb3 a6 65. Ka3 Rg3+ 66. Kb2 Kb4 67. Rf5 Rg2+ 68. Kb1 Kb3 69. Rf3+ Kb4 70. Rf5 a5 71. d5 Kb3 72. Rf3+ Kc4 73. Rf5 b4 74. d6 a4 75. Rd5 Rg1+ 76. Kc2 b3+ 77. Kb2 Rg2+ 78. Kb1 Rg1+ 79. Kb2 a3+ 80. Kxa3 Kxd5 0-1

[Event "Bikaner op 1st"]
[Site "Bikaner"]
[Date "2022.10.05"]
[Round "6"]
[White "Arnav, Maheshwari"]
[Black "Ishant, Kumar"]
[Result "1-0"]
[WhiteElo "2046"]
[BlackElo "1708"]
[PlyCount "53"]
[EventDate "2022.10.01"]
[EventType "swiss"]
[EventRounds "10"]
[EventCountry "IND"]
[SourceTitle "CBM 210 Extra"]
[Source "ChessBase"]
[SourceDate "2022.11.30"]
[SourceVersion "1"]
[SourceVersionDate "2022.11.30"]
[SourceQuality "1"]

1. d4 d5 2. Nf3 Nc6 3. g3 f6 4. c4 Bg4 5. Bg2 e6 6. 0-0 Rb8 7. Nc3 Bb4 8. cxd5 exd5 9. Bf4 g5 10. Bd2 Bxc3 11. Bxc3 h5 12. Re1 Nge7 13. b4 Qd7 14. e4 dxe4 15. Rxe4 Kf7 16. Qb3+ Kg6 17. b5 Nd8 18. d5 Nf7 19. Rd1 Rhe8 20. h3 Bf5 21. Re6 Ng8 22. Nd4 Nd6 23. Nxf5 Nxf5 24. Be4 Rxe6 25. dxe6 Qe8 26. Bxf5+ Kxf5 27. Qc2+ 1-0

[Event "IND-ch Rapid"]
[Site "Nashik"]
[Date "2022.04.27"]
[Round "1"]
[White "Ishant, Kumar"]
[Black "Krishna, C Revanth Gopala"]
[Result "0-1"]
[WhiteElo "1674"]
[BlackElo "2439"]
[PlyCount "54"]
[EventDate "2022.04.27"]
[EventType "swiss (rapid)"]
[EventRounds "9"]
[EventCountry "IND"]
[SourceTitle "CBM 208 Extra"]
[Source "ChessBase"]
[SourceDate "2022.07.31"]
[SourceVersion "1"]
[SourceVersionDate "2022.07.31"]
[SourceQuality "1"]

1. d3 d5 2. Nd2 Nf6 3. e4 e6 4. Ngf3 c5 5. g3 g6 6. Bg2 Bg7 7. 0-0 0-0 8. Re1 Nc6 9. c3 a5 10. e5 Ng4 11. d4 cxd4 12. cxd4 f6 13. h3 Nxf2 14. Kxf2 fxe5 15. dxe5 Qb6+ 16. Re3 Nxe5 17. Qb3 Qc5 18. Qa3 Qb6 19. Qb3 Qa7 20. Ke2 Nc6 21. a3 b5 22. Bf1 Kh8 23. Kf2 Nd4 24. Qd1 e5 25. Kg2 Nf5 26. Rb3 e4 27. Ng1 a4 0-1